| 000 | 00957nam a2200289 i 4500 | ||
|---|---|---|---|
| 001 | bg | ||
| 100 | 1 | _aLUBOWIECKA, Izabela | |
| 245 | 1 | 0 |
_aCałkowanie nieliniowych równań dynamiki ciała sztywnego i powłok sprężystych / _cIzabela Lubowiecka. |
| 260 |
_aGdańsk : _bWydaw. PG, _c2004. |
||
| 300 |
_a177 s. : _brys., wykr. ; _c24 cm. |
||
| 490 | 1 |
_aMonografie / Politechnika Gdańska ; _v48 |
|
| 500 | _aStreszcz. pol., ang. | ||
| 504 | _aBibliogr. | ||
| 650 | 9 |
_aOśrodki ciągłe _xmechanika |
|
| 650 | 9 |
_aUkłady dynamiczne _xbadanie _xmetody |
|
| 650 | 9 |
_aPowłoki (bud.) _xmechanika |
|
| 650 | 9 |
_aPręty _xmechanika |
|
| 650 | 9 |
_aAnaliza numeryczna _xstosowanie _xtechnika |
|
| 830 | 0 |
_aMonografie (Politechnika Gdańska) ; _v48 |
|
| 020 | _a8373480854 | ||
| 040 | _cBPK | ||
| 041 | 0 |
_apol _beng |
|
| 080 | _a531:539.3/.6:624.074.4/.5:519.61/.64 | ||
| 920 | _a83-7348-085-4 | ||
| 942 | _cKS | ||
| 008 | s pl f |000 0 pol | ||
| 999 |
_c45897 _d45897 |
||
| 856 |
_uhttp://koha.tu.koszalin.pl/cgi-bin/koha/opac-detail.pl?biblionumber=45897 _yKatalog online BPK |
||